000 00405nam a22001337a 4500
008 140123b xxu||||| |||| 00| 0 eng d
050 _aPZ4.B7425B6
100 _aBosman, Herman Charles
_96999
245 _aBosman at his best
_bA choice of stories and sketches
260 _aCape Town
_bHuman & Rousseau
_c1965
300 _a206p.
_c21cm
700 _aAbrahams, Lionel (ed)
_97000
942 _2lcc
_cMONOGRAPH
999 _c119671
_d119671